La Misión de la universidad latinoamericana ayer y hoy /
La difícil situación que enfrentan las universidades estatales, como producto de los cambios en la educación superior y el Estado, las obliga a retomar su trayectoria, su misión y sus funciones. Las reformas universitarias que se efectúen han de hacerse a la luz de la identidad nacional y regional,...
Uloženo v:
| Hlavní autor: | |
|---|---|
| Médium: | Text |
| Témata: | |
| Tagy: |
Přidat tag
Žádné tagy, Buďte první, kdo vytvoří štítek k tomuto záznamu!
|
MARC
| LEADER | 00000 a a2200000 04500 | ||
|---|---|---|---|
| 001 | 15346 | ||
| 003 | |||
| 040 | |||
| 100 | |a Aguilar Hernández, Marielos | ||
| 245 | |a La Misión de la universidad latinoamericana ayer y hoy / |c Marielos Aguilar Hernández | ||
| 520 | |a La difícil situación que enfrentan las universidades estatales, como producto de los cambios en la educación superior y el Estado, las obliga a retomar su trayectoria, su misión y sus funciones. Las reformas universitarias que se efectúen han de hacerse a la luz de la identidad nacional y regional, sobre la base de su memoria institucional. De ahí nuestro interés por rescatar en las páginas siguientes la misión que ha desempeñado la universidad latinoamericana, la cual debemos tener presente si queremos dar soluciones propias a los grandes retos de fin de siglo. REV//jmml | ||
| 650 | |a UNIVERSIDADES | ||
| 650 | |a ESTADO | ||
| 650 | |a ECONOMIA | ||
| 650 | |a UNESCO | ||
| 650 | |a BANCO MUNDIAL | ||
| 650 | |a TEORIA | ||
| 650 | |a DESARROLLO ECONOMICO Y SOCIAL | ||
| 650 | |a LIBERALIZACION DEL INTERCAMBIO | ||
| 650 | |a POBREZA | ||
| 773 | |g volumen 42, número 83; páginas 23-35 | ||
| 999 | |c 36781 |d 36781 | ||
| 773 | 0 | |0 18728 |9 2607 |a Universidad de Costa Rica |d San José, Costa Rica Editorial UCR 1956- |o 01926 |t Revista de Ciencias Sociales/ |x 04825276 | |
